000 00206 a2200097 4500
020 _a9789978805886
041 _aspa
100 _aVallejos Estuardo
245 _aLa gallina de los huevos de oro
942 _cBK
999 _c11197
_d11197